Statistics for General Knowledge Quiz #156

Click here to take the quiz!

General Stats

  • This quiz has been taken 50,984 times
    (28,951 since last reset)
  • The average score is 13 of 20

Answer Stats

QuestionAnswer% Correct
What statue, finished in 1886, was a gift from France to the United States?Statue of Liberty
95%
Whose works include 39 plays and 154 sonnets?William Shakespeare
83%
What German chancellor has frequently been named
"Most Powerful Woman in the World" by Forbes magazine?
Angela Merkel
81%
What prefix can come before violet, sound, and orthodox?Ultra
81%
What series of conflicts between England and France lasted 116 years, from 1337–1453?{Hundred} {Years}' War
78%
What subclass of mammals carry their young in a pouch?Marsupials
78%
Which sign of the Zodiac is represented by two fish?Pisces
78%
What weapon did David use to defeat Goliath?Sling
77%
What former country was ruled by the Dalai Lama?Tibet
75%
What is the northernmost country that was once a part of the Roman Empire?United Kingdom
75%
What city is considered to be the financial capital of Germany?Frankfurt
69%
What movie features the famous quote: "Leave the gun. Take the cannoli."?The Godfather
63%
What computer scientist helped to break Germany's enigma code but
was persecuted for being gay?
Alan Turing
59%
Who is the most well-known gorgon from Greek mythology?Medusa
58%
Who wrote "The Interpretation of Dreams"?Sigmund Freud
55%
What chess move involves moving the king and a rook in the same turn?Castling
53%
For what crime were Mata Hari, Ethel Rosenberg, and Nathan Hale executed?Espionage
49%
Which character in the board game "Clue" is considered a femme-fatale?Miss Scarlett
47%
What TV show is named after a character in the novel "Nineteen Eighty-Four"?Big Brother
46%
What sport is also known as pugilism?Boxing
46%

Score Distribution

Percentile by Number Answered

Percent of People with Each Score

Your Score History

You have not taken this quiz since the last reset